000 08573cam a22010814i 4500
003 PE-LiUPU
005 20250731183331.0
008 150617s1987 ag rb 001 0 spa d
035 _a(Sirsi) a14735
040 _aPE-LiUPU
_bspa
_cPE-LiUPU
_dPE-LiUPU
_erda
049 _aPRUA
082 0 4 _a783.09
_bM32
_221
100 1 _aMcConnell, Cecilio,
_eautor.
245 1 3 _aLa historia del himno en castellano /
_cCecilio McConnell.
264 1 _aBuenos Aires :
_bCasa Bautista de Publicaciones,
_c1987.
300 _a189 páginas ;
_c20 centímetros
336 _atext
_2rdacontent
337 _aunmediated
_2rdamedia
338 _avolume
_2rdacarrier
500 _aOtras ediciones: 1958, 1963.
504 _aBibliografía: páginas 150-151.
504 _aÍndice: páginas 152-186.
505 0 _aIntroducción -- El himno en la iglesia primitiva -- El himno en la iglesia medieval -- La reforma y el origen del himno moderno -- La evolución de la música hímnica -- Watts y Wesley y el himno inglés moderno -- La ampliación de temas en los himnos -- El perfeccionamiento de la música hímnica -- La canción evangelística -- Los himnos evangélicos del siglo XIX -- El himno castellano en el siglo XX.
526 _aP158
526 _aP146
526 _aP17
526 _aP12
526 _aP06
650 0 4 _aHimnos Evangélicos
_xHistoria.
650 0 4 _aHimnos religiosos.
_93006
910 _ajck
_bjvq
_cjck
_d20150616
942 _2ddc
_cBOOK
949 _a783.09 M32
_wDEWEY
_c1
_i04497
_lCCODEBUL1
_mBUL
_p10.00
_r0
_sY
_tBOOK
_u19930720
_xEDUCACION
_zUNKNOWN
_0COMPRA
_o.STAFF. Colección Ciencias Humanas y Educación
949 _a783.09 M32
_wDEWEY
_c10
_i34378
_lCCODEBUL1
_mBUL
_p10.00
_r0
_sY
_tBOOK
_u19930720
_xEDUCACION
_zUNKNOWN
_0COMPRA
_o.STAFF. Colección Ciencias Humanas y Educación
949 _a783.09 M32
_wDEWEY
_c11
_i34379
_lCCODEBUL1
_mBUL
_p10.00
_r0
_sY
_tBOOK
_u19930720
_xEDUCACION
_zUNKNOWN
_0COMPRA
_o.STAFF. Colección Ciencias Humanas y Educación
949 _a783.09 M32
_wDEWEY
_c12
_i34380
_lCCODEBUL1
_mBUL
_p10.00
_r0
_sY
_tBOOK
_u19930720
_xEDUCACION
_zUNKNOWN
_0COMPRA
_o.STAFF. Colección Ciencias Humanas y Educación
949 _a783.09 M32
_wDEWEY
_c13
_i34381
_lCCODEBUL1
_mBUL
_p10.000
_r0
_sY
_tBOOK
_u19930720
_xEDUCACION
_zUNKNOWN
_0COMPRA
_o.STAFF. Colección Ciencias Humanas y Educación
949 _a783.09 M32
_wDEWEY
_c14
_i34382
_lCCODEBUL1
_mBUL
_p10.00
_r0
_sY
_tBOOK
_u19930720
_xEDUCACION
_zUNKNOWN
_0COMPRA
_o.STAFF. Colección Ciencias Humanas y Educación
949 _a783.09 M32
_wDEWEY
_c15
_i04494
_lCCODEBUL1
_mBUL
_p10.00
_r0
_sY
_tBOOK
_u19930720
_xEDUCACION
_zUNKNOWN
_0COMPRA
_o.STAFF. Colección Ciencias Humanas y Educación
949 _a783.09 M32
_wDEWEY
_c16
_i04495
_lCCODEBUL1
_mBUL
_p10.00
_r0
_sY
_tBOOK
_u19930720
_xEDUCACION
_zUNKNOWN
_0COMPRA
_o.STAFF. Colección Ciencias Humanas y Educación
949 _a783.09 M32
_wDEWEY
_c17
_i04496
_lCCODEBUL1
_mBUL
_p10.00
_r0
_sY
_tBOOK
_u19930720
_xEDUCACION
_zUNKNOWN
_0COMPRA
_o.STAFF. Colección Ciencias Humanas y Educación
949 _a783.09 M32
_wDEWEY
_c18
_i04498
_lCCODEBUL1
_mBUL
_p10.00
_r0
_sY
_tBOOK
_u19930720
_xEDUCACION
_zUNKNOWN
_0COMPRA
_o.STAFF. Colección Ciencias Humanas y Educación
949 _a783.09 M32
_wDEWEY
_c2
_i04802
_lCCODEBUL1
_mBUL
_p10.00
_r0
_sY
_tBOOK
_u19930720
_xEDUCACION
_zUNKNOWN
_0COMPRA
_o.STAFF. Colección Ciencias Humanas y Educación
949 _a783.09 M32
_wDEWEY
_c3
_i04803
_lCCODEBUL1
_mBUL
_p10.00
_r0
_sY
_tBOOK
_u19930720
_xEDUCACION
_zUNKNOWN
_0COMPRA
_o.STAFF. Colección Ciencias Humanas y Educación
949 _a783.09 M32
_wDEWEY
_c4
_i34372
_lCCODEBUL1
_mBUL
_p10.00
_r0
_sY
_tBOOK
_u19930720
_xEDUCACION
_zUNKNOWN
_0COMPRA
_o.STAFF. Colección Ciencias Humanas y Educación
949 _a783.09 M32
_wDEWEY
_c5
_i34373
_lCCODEBUL1
_mBUL
_p10.00
_r0
_sY
_tBOOK
_u19930720
_xEDUCACION
_zUNKNOWN
_0COMPRA
_o.STAFF. Colección Ciencias Humanas y Educación
949 _a783.09 M32
_wDEWEY
_c6
_i34374
_lCCODEBUL1
_mBUL
_p10.00
_r0
_sY
_tBOOK
_u19930720
_xEDUCACION
_zUNKNOWN
_0COMPRA
_o.STAFF. Colección Ciencias Humanas y Educación
949 _a783.09 M32
_wDEWEY
_c7
_i34375
_lCCODEBUL1
_mBUL
_p10.00
_r0
_sY
_tBOOK
_u19930720
_xEDUCACION
_zUNKNOWN
_0COMPRA
_o.STAFF. Colección Ciencias Humanas y Educación
949 _a783.09 M32
_wDEWEY
_c8
_i34376
_lCCODEBUL1
_mBUL
_p10.00
_r0
_sY
_tBOOK
_u19930720
_xEDUCACION
_zUNKNOWN
_0COMPRA
_o.STAFF. Colección Ciencias Humanas y Educación
949 _a783.09 M32
_wDEWEY
_c9
_i34377
_lCCODEBUL1
_mBUL
_p10.00
_r0
_sY
_tBOOK
_u19930720
_xEDUCACION
_zUNKNOWN
_0COMPRA
_o.STAFF. Colección Ciencias Humanas y Educación
994 _aC0
_bPEPRU
596 _a1 2
999 _a783.09 M32
_wDEWEY
_c5245
_i04497
_lILL
_mBUL
_r0
_sY
_tBOOK
_u2015-6-17
_xEDUCACION
_zUNKNOWN
_0COMPRA
_o.STAFF. Colección General
_d5245
999 _a783.09 M32
_wDEWEY
_c2
_i04802
_d2018-10-3
_e2017-5-4
_f2019-12-11
_g4
_lDISCARD
_mBUL
_n1
_p10.00
_q1
_r1
_sY
_tBOOK
_u2015-6-17
_xUNKNOWN
_zUNKNOWN
_0COMPRA
_o.STAFF. Colección Ciencias Humanas y Educación
999 _a783.09 M32
_wDEWEY
_c3
_i04803
_f2019-12-11
_g4
_lDISCARD
_mBUL
_p10.00
_r1
_sY
_tBOOK
_u2015-6-17
_xUNKNOWN
_zUNKNOWN
_0COMPRA
_o.STAFF. Colección Ciencias Humanas y Educación
999 _a783.09 M32
_wDEWEY
_c4
_i34372
_lLOST
_mBUL
_r1
_sY
_tBOOK
_u2015-6-17
_xEDUCACION
_zUNKNOWN
_0COMPRA
_o.STAFF. Colección General
999 _a783.09 M32
_wDEWEY
_c5
_i34373
_d2015-10-18
_e2015-10-16
_f2019-12-11
_g4
_lDISCARD
_mBUL
_n1
_r0
_sY
_tBOOK
_u2015-6-17
_xEDUCACION
_zUNKNOWN
_0COMPRA
_o.STAFF. Colección General
999 _a783.09 M32
_wDEWEY
_c6
_i34374
_f2019-12-11
_g4
_lDISCARD
_mBUL
_r0
_sY
_tBOOK
_u2015-6-17
_xEDUCACION
_zUNKNOWN
_0COMPRA
_o.STAFF. Colección General
999 _a783.09 M32
_wDEWEY
_c7
_i34375
_f2019-12-11
_g4
_lDISCARD
_mBUL
_r0
_sY
_tBOOK
_u2015-6-17
_xEDUCACION
_zUNKNOWN
_0COMPRA
_o.STAFF. Colección General
999 _a783.09 M32
_wDEWEY
_c8
_i34376
_f2019-12-11
_g4
_lDISCARD
_mBUL
_r0
_sY
_tBOOK
_u2015-6-17
_xEDUCACION
_zUNKNOWN
_0COMPRA
_o.STAFF. Colección General
999 _a783.09 M32
_wDEWEY
_c9
_i34377
_f2019-12-11
_g4
_lDISCARD
_mBUL
_r0
_sY
_tBOOK
_u2015-6-17
_xEDUCACION
_zUNKNOWN
_0COMPRA
_o.STAFF. Colección General
999 _a783.09 M32
_wDEWEY
_c10
_i34378
_f2019-12-11
_g4
_lDISCARD
_mBUL
_r0
_sY
_tBOOK
_u2015-6-17
_xEDUCACION
_zUNKNOWN
_0COMPRA
_o.STAFF. Colección General
999 _a783.09 M32
_wDEWEY
_c11
_i34379
_f2019-12-11
_g4
_lDISCARD
_mBUL
_r0
_sY
_tBOOK
_u2015-6-17
_xEDUCACION
_zUNKNOWN
_0COMPRA
_o.STAFF. Colección General
999 _a783.09 M32
_wDEWEY
_c12
_i34380
_f2021-11-5
_g5
_lCCODEBUL1
_mBUL
_r0
_sY
_tBOOK
_u2015-6-17
_xBIBLIOTECA
_zUNKNOWN
_0COMPRA
_o.STAFF. Colección General
999 _a783.09 M32
_wDEWEY
_c13
_i34381
_f2021-11-5
_g5
_lCCODEBUL1
_mBUL
_r0
_sY
_tBOOK
_u2015-6-17
_xBIBLIOTECA
_zUNKNOWN
_0COMPRA
_o.STAFF. Colección General
999 _a783.09 M32
_wDEWEY
_c14
_i34382
_f2021-11-5
_g5
_lCCODEBUL1
_mBUL
_r0
_sY
_tBOOK
_u2015-6-17
_xBIBLIOTECA
_zUNKNOWN
_0COMPRA
_o.STAFF. Colección General
999 _a783.09 M32
_wDEWEY
_c15
_i04494
_lLOST
_mBUL
_r0
_sY
_tBOOK
_u2015-6-17
_xEDUCACION
_zUNKNOWN
_0COMPRA
_o.STAFF. Colección General
999 _a783.09 M32
_wDEWEY
_c16
_i04495
_lILL
_mBUL
_r0
_sY
_tBOOK
_u2015-6-17
_xEDUCACION
_zUNKNOWN
_0COMPRA
_o.STAFF. Colección General
999 _a783.09 M32
_wDEWEY
_c17
_i04496
_lILL
_mBUL
_r0
_sY
_tBOOK
_u2015-6-17
_xEDUCACION
_zUNKNOWN
_0COMPRA
_o.STAFF. Colección General
999 _a783.09 M32
_wDEWEY
_c18
_i04498
_lILL
_mBUL
_r0
_sY
_tBOOK
_u2015-6-17
_xEDUCACION
_zUNKNOWN
_0COMPRA
_o.STAFF. Colección General
999 _a783.09 M32 1987
_wDEWEY
_c1
_iFT00855
_f2019-2-20
_g1
_lCCODEBUT1
_mBUT
_p10.00
_r0
_sY
_tBOOK
_u2016-2-9
_xBIBLIOTECA
_zUNKNOWN
_0DONACION
_o.STAFF. Colección General
999 _a783.09 M32 1987
_wDEWEY
_c2
_iFT00092
_f2019-2-20
_g1
_lCCODEBUT1
_mBUT
_p10.00
_r0
_sY
_tBOOK
_u2016-2-9
_xBIBLIOTECA
_zUNKNOWN
_0DONACION
_o.STAFF. Colección General
980 _81
_gALBERTO SANCHEZ Responsable de Automatización